• 首页
  • 本馆介绍
  • 公告通知
  • 最新文献
  • 馆藏检索
  • 电子资源
  • 读者导购
  • 参考咨询
  • 我的图书馆
  • 登录
  • 详细信息显示
  • 放入我的书架
  • 预约/预借图书
  • 作者相关作品
  • 分类相关作品
  • 丛书相关作品
  • 出版社相关作品

书目信息

  • 表格格式
  • 工作单格式
  • 卡片格式
题名:
中国名校优秀设计大系
    
 
作者: 本社编者
分册:   染织服装卷
出版信息: 福州   福建美术出版社  2005
页数: 112页
开本: 29cm
丛书名:
单 册:
中图分类: J121 , J523 , J121
科图分类:
主题词: 染织--设计--中国--现代--图集 , 服装--设计--中国--现代--图集 , 工艺美术--设计--中国--现代--图集 , 染织 , 服装 , 艺术--中国 , 中国艺术节 , 艺术--中国 , 中国艺术节
电子资源:
ISBN: 7-5393-1509-1
000 01089nam0 2200337 450
001 0709000031
005 20070601082159.60
010    @a7-5393-1509-1@dCNY48.00
100    @a20051122d2005 em y0chiy0110 ea
101 0  @achi
102    @aCN@b350000
105    @aa z 000yy
200 1  @a中国名校优秀设计大系@Azhong guo ming xiao you xiu she ji da xi@f本社编者@Fben she bian zhe@i染织服装卷
210    @a福州@c福建美术出版社@d2005
215    @a112页@c图@d29cm
304    @a英文共同题名:Excellent design by famous art college
330    @a本书内容包括:抱枕、靠垫、织锦缎床上用品设计、织锦缎餐巾配套设计、披肩、屏风、云水气、无题、中国构成、中国椅、紫禁璀璨、浮世绘等。
606 0  @a染织@x设计@y中国@z现代@j图集
606 0  @a服装@x设计@y中国@z现代@j图集
606 0  @a工艺美术@x设计@y中国@z现代@j图集
606 0  @a染织
606 0  @a服装
606 0  @a艺术@x中国
606 0  @a中国艺术节
606 0  @a艺术@x中国
606 0  @a中国艺术节
690    @aJ121@v4
690    @aJ523@v4
690    @aJ121@v3
801  0 @aCN@bTAOJIN@c20070601
905    @a10447@dJ121@e73
    
    中国名校优秀设计大系/本社编者.染织服装卷.-福州:福建美术出版社,2005
    112页:图;29cm
    
    
    ISBN 7-5393-1509-1:CNY48.00
    本书内容包括:抱枕、靠垫、织锦缎床上用品设计、织锦缎餐巾配套设计、披肩、屏风、云水气、无题、中国构成、中国椅、紫禁璀璨、浮世绘等。
●
相关链接 在E读中查询图书 在五车中查询图书 在当当中查询图书 在豆瓣中查询图书


正题名:中国名校优秀设计大系     索取号:J121/73         预约/预借

序号 登录号 条形码 馆藏地/架位号 状态 备注
1 0523782   205237821   第一样本阅览室/ [索取号:J121/73] 在馆    
2 0523783   205237830   第一借阅区/ [索取号:J121/73] 在馆    
3 0523784   205237849   第一借阅区/ [索取号:J121/73] 在馆    
唐山师范学院图书馆 欢迎您!
大连网信软件有限公司© 版权所有